000 00466nam a2200145 a 4500
001 000033016
005 20200930065956.0
008 110808s19uu dr 000 0 spa d
040 _aDO-SdBNP
_bspa
_cBNPHU
110 1 _aRepública Dominicana
_bSecretaría de Estado de Agricultura y Comercio
_957477
245 1 4 _aLas plagas que nos amenazan :
_bel piogán /.
260 _aSanto Domingo :
_bLa Cuna de América,
_c[195?].
300 _a8 p. ;
_c22 cm.
049 _aBNPD
999 _c32507
_d32507